000 00920nas a2200313 4500
001 BR0901169
003 BR-BrBNA
005 20231205113143.0
007 ta
008 230509b bl.|||p| |||| 00| 00por d
040 _aBR-BrBNA
_bpor
_cBiblioteca Nacional de Agricultura
041 _a(Pt)
072 _aL73
100 1 _aCoentrão, C.M.
100 1 _aSouza, G.N.
100 1 _aBrito, J.R.F.
100 1 _aPaiva e Brito, M.A.V.
100 1 _aLilenbaum, W.
245 1 _aFatores de risco para mastite subclínica em vacas leiteiras
650 _aVACA LEITEIRA
650 _aMAMITE
650 _aDOENÇA ANIMAL
650 _aBACTÉRIA
650 _aPROFILAXIA
650 _aMINAS GERAIS
773 0 _tArquivo Brasileiro de Medicina Veterinária e Zootecnia (Brazil)
_xISSN 0102-0935
_g(Apr 2008), v. 60(2) p. 283-288
_wBR0901169
909 _a202311
_bLúcia
_c55
_dLúcia Elande
942 _2AGRIS
_n0
_cANA
999 _c202155
_d202155